Library Logo

Pioneer International University Library Catalogue

Psychology of advertising, (Record no. 3265)

MARC details
000 -LEADER
fixed length control field 00613cam a22001931 4500
005 - DATE AND TIME OF LATEST TRANSACTION
control field 20250901165408.0
008 - FIXED-LENGTH DATA ELEMENTS--GENERAL INFORMATION
fixed length control field 840411s1937 paua 000 0 eng
010 ## - LIBRARY OF CONGRESS CONTROL NUMBER
LC control number 43036080
050 00 - LIBRARY OF CONGRESS CALL NUMBER
Classification number HF5822 .P456
Item number .P456
082 ## - DEWEY DECIMAL CLASSIFICATION NUMBER
Classification number 659.15
100 1# - MAIN ENTRY--PERSONAL NAME
Personal name Link, Henry C.
Fuller form of name (Henry Charles),
Dates associated with a name 1889-1952.
245 10 - TITLE STATEMENT
Title Psychology of advertising,
Remainder of title prepared especially for home study.
260 ## - PUBLICATION, DISTRIBUTION, ETC.
Place of publication, distribution, etc. [Scranton,
Date of publication, distribution, etc. 1937]
300 ## - PHYSICAL DESCRIPTION
Extent 42 p.
Other physical details illus.
Dimensions 19 cm.
500 ## - GENERAL NOTE
General note At head of title: International correspondence schools, Scranton, Pa.
500 ## - GENERAL NOTE
General note "Serial 3353, edition 1."
500 ## - GENERAL NOTE
General note Cover title.
942 ## - ADDED ENTRY ELEMENTS (KOHA)
Source of classification or shelving scheme Dewey Decimal Classification
Holdings
Withdrawn status Lost status Source of classification or shelving scheme Damaged status Not for loan Home library Current library Shelving location Date acquired Total checkouts Full call number Barcode Date last seen Price effective from Koha item type
    Library of Congress Classification     Main Library Main Library   03/22/2021   HF5822 .P456 PIU009193 03/22/2021 03/22/2021 Books